সবার জন্য শিক্ষা নিশ্চিতকরণে : (Record no. 2707)
[ view plain ]
| 000 -LEADER | |
|---|---|
| fixed length control field | 01324nam a22002417a 4500 |
| 003 - CONTROL NUMBER IDENTIFIER | |
| control field | BD-DhJNU |
| 005 - DATE AND TIME OF LATEST TRANSACTION | |
| control field | 20260422045603.0 |
| 008 - FIXED-LENGTH DATA ELEMENTS--GENERAL INFORMATION | |
| fixed length control field | 260422b |||||||| |||| 00| 0 eng d |
| 020 ## - INTERNATIONAL STANDARD BOOK NUMBER | |
| International Standard Book Number | 9789843432069 |
| 040 ## - CATALOGING SOURCE | |
| Original cataloging agency | BD-DhJNU |
| Language of cataloging | ENG |
| Transcribing agency | BD-DhJNU |
| Modifying agency | BD-DhJNU |
| 082 ## - DEWEY DECIMAL CLASSIFICATION NUMBER | |
| Edition number | 23 |
| Classification number | 371.9046 WAE |
| 100 ## - MAIN ENTRY--PERSONAL NAME | |
| Personal name | ওহাব, এম এ |
| 242 ## - TRANSLATION OF TITLE BY CATALOGING AGENCY | |
| Title | Ensuring education for all : |
| Remainder of title | inclusive education / |
| Statement of responsibility, etc. | Prof. Dr. M. A. Wahab and Md. Ashrafuzzaman ; edited by Professor Dr. Monira Jahan |
| 245 ## - TITLE STATEMENT | |
| Title | সবার জন্য শিক্ষা নিশ্চিতকরণে : |
| Remainder of title | একীভূত শিক্ষা / |
| Statement of responsibility, etc. | অধ্যাপক ড. এম এ ওহাব ও মো: আশরাফুজ্জামান ; অধ্যাপক ড. মনিরা জাহান কর্তৃক সম্পাদিত |
| 246 ## - VARYING FORM OF TITLE | |
| Title proper/short title | Shobar jonno shikkha nishchitkorone : |
| Remainder of title | ekaibhuta shikkha / |
| 260 ## - PUBLICATION, DISTRIBUTION, ETC. | |
| Place of publication, distribution, etc. | ঢাকা : |
| Name of publisher, distributor, etc. | প্রভাতী লাইব্রেরি, |
| Date of publication, distribution, etc. | 2021. |
| 300 ## - PHYSICAL DESCRIPTION | |
| Extent | [২০], ২৮৪ পৃ. : |
| Other physical details | চিত্র ; |
| Dimensions | ২২ সেমি.। |
| 650 ## - SUBJECT ADDED ENTRY--TOPICAL TERM | |
| Topical term or geographic name entry element | একীভূত শিক্ষা |
| 650 ## - SUBJECT ADDED ENTRY--TOPICAL TERM | |
| Topical term or geographic name entry element | Inclusive Education |
| 700 ## - ADDED ENTRY--PERSONAL NAME | |
| Personal name | আশরাফুজ্জামান, মো: |
| 700 ## - ADDED ENTRY--PERSONAL NAME | |
| Personal name | জাহান, মনিরা |
| Relator term | সম্পাদক |
| 942 ## - ADDED ENTRY ELEMENTS (KOHA) | |
| Source of classification or shelving scheme | Dewey Decimal Classification |
| Koha item type | Books |
| Suppress in OPAC | No |
| Withdrawn status | Lost status | Source of classification or shelving scheme | Damaged status | Not for loan | Collection | Home library | Current library | Shelving location | Date acquired | Source of acquisition | Total checkouts | Full call number | Barcode | Date last seen | Copy number | Price effective from | Koha item type |
|---|---|---|---|---|---|---|---|---|---|---|---|---|---|---|---|---|---|
| Dewey Decimal Classification | Non-fiction | Jagannath University Central Library | Jagannath University Central Library | General stacks | 04/22/2026 | Purchased | 371.9046 WAE | JNUCL35495 | 04/22/2026 | 1 | 04/22/2026 | Books |